| 000 -LEADER |
| fixed length control field |
02294cam a2200385 i 4500 |
| 001 - CONTROL NUMBER |
| control field |
(Sirsi) a977212 |
| 003 - CONTROL NUMBER IDENTIFIER |
| control field |
OSt |
| 005 - DATE AND TIME OF LATEST TRANSACTION |
| control field |
20230217163357.0 |
| 008 - FIXED-LENGTH DATA ELEMENTS--GENERAL INFORMATION |
| fixed length control field |
160803t20152015nyua c 6 000 0 eng d |
| 020 ## - INTERNATIONAL STANDARD BOOK NUMBER |
| International Standard Book Number |
9781629912837 |
| Qualifying information |
(hardcover) : |
| 040 ## - CATALOGING SOURCE |
| Original cataloging agency |
YDXCP |
| Language of cataloging |
eng |
| Transcribing agency |
YDXCP |
| Modifying agency |
BTCTA |
| -- |
OCLCQ |
| -- |
BDX |
| -- |
RV8 |
| -- |
IEP |
| -- |
UtOrBLW |
| -- |
TAE |
| -- |
KH8 |
| Description conventions |
rda |
| 042 ## - AUTHENTICATION CODE |
| Authentication code |
nbic |
| 082 0# - DEWEY DECIMAL CLASSIFICATION NUMBER |
| Classification number |
398.209489 MET |
| 100 0# - MAIN ENTRY--PERSONAL NAME |
| Personal name |
Metaphrog, |
| Relator term |
author, |
| -- |
artist. |
| 245 14 - TITLE STATEMENT |
| Title |
Hans Christian Andersen's The red shoes and other tales / |
| Statement of responsibility, etc. |
Metaphrog. |
| 246 30 - VARYING FORM OF TITLE |
| Title proper/short title |
Red shoes and other tales. |
| 260 ## - PUBLICATION, DISTRIBUTION, ETC. |
| Date of publication, distribution, etc. |
[2015] |
| 264 #1 - PRODUCTION, PUBLICATION, DISTRIBUTION, MANUFACTURE, AND COPYRIGHT NOTICE |
| Place of production, publication, distribution, manufacture |
New York : |
| Name of producer, publisher, distributor, manufacturer |
Papercutz, |
| Date of production, publication, distribution, manufacture, or copyright notice |
[2015] |
| 264 #4 - PRODUCTION, PUBLICATION, DISTRIBUTION, MANUFACTURE, AND COPYRIGHT NOTICE |
| Date of production, publication, distribution, manufacture, or copyright notice |
©2015. |
| 300 ## - PHYSICAL DESCRIPTION |
| Extent |
64 pages : |
| Other physical details |
chiefly color illustrations ; |
| Dimensions |
20 cm. |
| 336 ## - CONTENT TYPE |
| Content type term |
text |
| Content type code |
txt |
| Source |
rdacontent. |
| 336 ## - CONTENT TYPE |
| Content type term |
still image |
| Content type code |
sti |
| Source |
rdacontent. |
| 337 ## - MEDIA TYPE |
| Media type term |
unmediated |
| Media type code |
n |
| Source |
rdamedia. |
| 338 ## - CARRIER TYPE |
| Carrier type term |
volume |
| Carrier type code |
nc |
| Source |
rdacarrier. |
| 505 00 - FORMATTED CONTENTS NOTE |
| Miscellaneous information |
The |
| Title |
red shoes / |
| Statement of responsibility |
based on the tale by Hans Christian Andersen -- |
| Miscellaneous information |
The |
| Title |
glass case / |
| Statement of responsibility |
Metaphrog -- |
| Miscellaneous information |
The |
| Title |
little match girl / |
| Statement of responsibility |
from the tale by Hans Christian Andersen. |
| 520 ## - SUMMARY, ETC. |
| Summary, etc. |
"As the child of peasants, Karen grew up with a pair of simple red shoes. Then, when her parents died, Karen was adopted by a rich old woman who gave Karen a new pair of red shoes that would make princesses green with envy. This newfound wealth causes Karen to forget her humble origins and grow up to become a cruel and vain adult. Then, one day, the red shoes that sparked her greed come to life and steer Karen down a path she never would have imagined in her wildest dreams. This volume also includes Metaphrog's adaptation of the Hans Christian Andersen classic, 'The Little Match Girl' and a tale of their own invention, 'The Glass Case'"--McMillan Palgrave. |
| 521 1# - TARGET AUDIENCE NOTE |
| Target audience note |
Ages 8-12. |
| 650 #0 - SUBJECT ADDED ENTRY--TOPICAL TERM |
| Topical term or geographic name entry element |
Fairy tales |
| Geographic subdivision |
Denmark |
| General subdivision |
Adaptations |
| Form subdivision |
Comic books, strips, etc. |
| 650 #0 - SUBJECT ADDED ENTRY--TOPICAL TERM |
| Topical term or geographic name entry element |
Fairy tales |
| Form subdivision |
Comic books, strips, etc. |
| 650 #0 - SUBJECT ADDED ENTRY--TOPICAL TERM |
| Topical term or geographic name entry element |
Children's stories, Danish |
| General subdivision |
Adaptations |
| Form subdivision |
Comic books, strips, etc. |
| 650 #0 - SUBJECT ADDED ENTRY--TOPICAL TERM |
| Topical term or geographic name entry element |
Children's stories |
| Form subdivision |
Comic books, strips, etc. |
| 700 1# - ADDED ENTRY--PERSONAL NAME |
| Relationship information |
Adaptation of (work): |
| Personal name |
Andersen, H. C. |
| Fuller form of name |
(Hans Christian), |
| Dates associated with a name |
1805-1875. |
| Title of a work |
Røde sko. |
| Language of a work |
English. |
| 700 1# - ADDED ENTRY--PERSONAL NAME |
| Relationship information |
Adaptation of (work): |
| Personal name |
Andersen, H. C. |
| Fuller form of name |
(Hans Christian), |
| Dates associated with a name |
1805-1875. |
| Title of a work |
Lille pige med svovlstikkerne. |
| Language of a work |
English. |
| 942 ## - ADDED ENTRY ELEMENTS (KOHA) |
| Source of classification or shelving scheme |
|
| Koha item type |
Books - Non Ficton |